Statistics for Countries that contain the letter Z

Click here to take the quiz!

General Stats

  • This quiz has been taken 48 times
  • The average score is 14 of 15

Answer Stats

ContinentHintCountry% Correct
Africa1st letterZambia
100%
Asia2nd letterAzerbaiijan
98%
Africa1st letterZimbabwe
98%
South America4th letterBrazil
96%
Europe2nd letterCzech Republic
96%
Africa3rd letterMozambique
96%
Asia2nd letterUzbekistan
96%
North America5th letterBelize
93%
Europe5th letterSwitzerland
93%
South America5th letterVenezuela
93%
Asia3rd letterKazakhstan
91%
Oceania4th letterNew Zealand
91%
Europe13th letter (It is a 3 word country)Bosnia and Herzegovina
89%
Asia6th letterKyrgyzstan
89%
Africa4th letterTanzania
82%

Score Distribution

Percentile by Number Answered

Percent of People with Each Score

Your Score History

You have not taken this quiz